Taco Hemingway - Jarmark - Statystyki

Ogólne statystyki
  • Ten quiz został rozwiązany 8 razy
  • Średni wynik to 6 z 12
Statystyki odpowiedzi
Jarmark % Poprawnych
Polskie Tango
88%
Influenza
63%
Łańcuch III: Korpo
63%
Łańcuch II: Korek
63%
Łańcuch I: Kiosk
63%
Szczękościsk
63%
Dwuzłotówki Dancing
50%
Nie Mam Czasu
50%
W.N.P
50%
1990s Utopia
38%
POL Smoke
38%
Panie, to Wyjście!
13%
Nie znaleziono quizów pasujących do podanych kryteriów
Rozkład punktacji
Procent ludzi z każdym wynikiem
Percentyl według liczby udzielonych odpowiedzi
Twoja historia wyników
Nie rozwiązałeś tego quizu